Statistics for Top 5 defensive players on the Eagles

Click here to take the quiz!

General Stats

  • This quiz has been taken 4 times
  • The average score is 2 of 5

Answer Stats

NumberAnswer% Correct
2Darius Slay
67%
91Fletcher Cox
67%
92Reggie White
33%
58Jordan Hicks
0%
65Lane Johnson
0%

Score Distribution

Percentile by Number Answered

Percent of People with Each Score

Your Score History

You have not taken this quiz